000 00554cam a2200145 4500500
005 20260405003246.0
041 _afre
042 _adc
100 1 0 _aRoullière, Yves
_eauthor
245 0 0 _aYirmiyahu Yovel, L’aventure marrane . Judaïsme et modernité. Trad. de l’anglais (États-Unis) par B. Bonne. Seuil, 2011, 700 pages, 30 €
260 _c2012.
500 _a2
786 0 _nÉtudes | 417 | 9 | 2012-09-01 | p. XXXVI-XXXVI | 0014-1941
856 4 1 _uhttps://shs.cairn.info/revue-etudes-2012-9-page-XXXVI?lang=fr&redirect-ssocas=7080
999 _c2065837
_d2065837